[Event "DEM U12/U12w 2014"]
[Site "Magdeburg GER"]
[Date "2014.06.11"]
[Round "7"]
[White "Wurst, Benedikt"]
[Black "Fesselier, Chelsea"]
[Result "0-1"]
[Termination "normal"]
[Board "26"]
[WhiteElo "1403"]
[BlackElo "1454"]
[PlyCount "58"]
[WhiteFideId "12991791"]
[BlackFideId "26024624"]
[EventCountry "GER"]
[EventRounds "11"]
[EventType "swiss"]
[EventDate "2014.06.07"]

1. e4 c5 2. Nf3 e6 3. d4 cxd4 4. Nxd4 a6 5. Nc3 b5 6. Bd3 Bb7 7. O-O d6 8. Kh1
Nf6 9. a3 Be7 10. f4 Nbd7 11. Bd2 O-O 12. Re1 Qc7 13. Nb3 Rac8 14. Qf3 Rfe8 15.
Qg3 Bf8 16. Re2 g6 17. Rf1 Bg7 18. Ref2 Rf8 19. f5 Ne5 20. fxg6 fxg6 21. Qh3
Qe7 22. Nd4 Rce8 23. Re2 Nxd3 24. cxd3 e5 25. Nb3 Bc8 26. Qg3 Nh5 27. Qe1 Rxf1+
28. Qxf1 Rf8 29. Qe1 Qf7 0-1

[Event "DEM U12/U12w 2014"]
[Site "Magdeburg GER"]
[Date "2014.06.11"]
[Round "7"]
[White "Bui, Ngoc Han Julia"]
[Black "Kück, Artur"]
[Result "1/2-1/2"]
[Termination "normal"]
[Board "27"]
[WhiteElo "1446"]
[BlackElo "1393"]
[PlyCount "106"]
[WhiteFideId "12977055"]
[BlackFideId "12965120"]
[EventCountry "GER"]
[EventRounds "11"]
[EventType "swiss"]
[EventDate "2014.06.07"]

1. e4 d5 2. exd5 Nf6 3. Bb5+ Bd7 4. Bc4 Bg4 5. f3 Bc8 6. Nc3 Nbd7 7. Nge2 Nb6
8. Bb3 Nfxd5 9. Nxd5 Nxd5 10. d4 Bf5 11. O-O e6 12. Ng3 Bg6 13. Re1 Be7 14. Ne4
O-O 15. c4 Nf6 16. Bf4 Bb4 17. Bd2 Qxd4+ 18. Be3 Qxd1 19. Rexd1 Nxe4 20. fxe4
Bxe4 21. c5 b6 22. Rd4 Bxc5 23. Rxe4 Bxe3+ 24. Rxe3 Rfd8 25. Rd1 Rxd1+ 26. Bxd1
Rd8 27. Bc2 Rd2 28. Rd3 Rxd3 29. Bxd3 g6 30. Kf2 f5 31. Ke3 Kf7 32. Kd4 Kf6 33.
b4 c6 34. Ba6 e5+ 35. Kc4 Ke6 36. b5 c5 37. Bb7 e4 38. Bd5+ Ke5 39. Bg8 h5 40.
Kc3 g5 41. Kd2 Kd4 42. Bf7 h4 43. h3 g4 44. hxg4 fxg4 45. Be6 g3 46. Bg4 c4 47.
Bf5 Ke5 48. Bg4 Kd4 49. Bf5 e3+ 50. Ke2 c3 51. Kd1 Ke5 52. Bg4 Kf4 53. Be6 Ke5
1/2-1/2

[Event "DEM U12/U12w 2014"]
[Site "Magdeburg GER"]
[Date "2014.06.11"]
[Round "7"]
[White "Collin, Alexander"]
[Black "Kirsten, Annika"]
[Result "1-0"]
[Termination "normal"]
[Board "28"]
[WhiteElo "1590"]
[BlackElo "1323"]
[PlyCount "93"]
[WhiteFideId "12946745"]
[BlackFideId "12961124"]
[EventCountry "GER"]
[EventRounds "11"]
[EventType "swiss"]
[EventDate "2014.06.07"]

1. e4 c5 2. c3 d5 3. exd5 Qxd5 4. Nf3 Nf6 5. d4 Bg4 6. Be2 e6 7. h3 Bh5 8. O-O
Be7 9. Be3 cxd4 10. Qxd4 O-O 11. Na3 Nc6 12. Qxd5 Nxd5 13. Nc2 Rfd8 14. Rfd1
Rac8 15. Ncd4 Nxd4 16. Nxd4 Bxe2 17. Nxe2 Nxe3 18. fxe3 Bc5 19. Kf2 Kf8 20. Nd4
a6 21. Ke2 Ke7 22. Nb3 Bb6 23. a4 a5 24. Rxd8 Rxd8 25. Rd1 Rxd1 26. Kxd1 f5 27.
Kd2 e5 28. Nc1 e4 29. Ne2 g5 30. g4 Ke6 31. gxf5+ Kxf5 32. Ng3+ Ke5 33. Ne2 h5
34. Ng3 h4 35. Ne2 Kf5 36. Nd4+ Bxd4 37. cxd4 g4 38. hxg4+ Kxg4 39. Ke2 h3 40.
Kf2 h2 41. Kg2 h1=Q+ 42. Kxh1 Kf5 43. Kg2 Ke6 44. Kg3 Kd5 45. b3 Kd6 46. Kf4
Kd5 47. Kf5 1-0

[Event "DEM U12/U12w 2014"]
[Site "Magdeburg GER"]
[Date "2014.06.11"]
[Round "7"]
[White "Flach, Helene"]
[Black "Yankelevich, Michael"]
[Result "1/2-1/2"]
[Termination "normal"]
[Board "29"]
[WhiteElo "1657"]
[BlackElo "1696"]
[PlyCount "97"]
[WhiteFideId "12929735"]
[BlackFideId "12921440"]
[EventCountry "GER"]
[EventRounds "11"]
[EventType "swiss"]
[EventDate "2014.06.07"]

1. e4 e6 2. d4 d5 3. exd5 exd5 4. Bd3 Nc6 5. Ne2 Bd6 6. c3 Nge7 7. Bf4 O-O 8.
O-O Ng6 9. Bxd6 Qxd6 10. Ng3 Bd7 11. Nd2 Rfe8 12. Nf3 Bg4 13. h3 Bd7 14. Qd2
Nf4 15. Bc2 Qf6 16. Rfe1 Nxh3+ 17. Kf1 Nf4 18. b3 Bg4 19. Nh2 Nh5 20. Nxh5 Bxh5
21. Kg1 Re7 22. Nf1 Rae8 23. Ne3 Qg5 24. Bd1 Re4 25. Bxh5 Qxh5 26. f3 R4e6 27.
Nc2 Qf5 28. Rf1 Re2 29. Rae1 Rxe1 30. Rxe1 Rxe1+ 31. Qxe1 Qe6 32. Qg3 Qe7 33.
Kf2 h6 34. Ne3 Qd7 35. Qf4 Ne7 36. Ng4 Qd6 37. Qe3 f6 38. Qe2 Nf5 39. Kg1 Kf7
40. Qc2 Qf4 41. Qe2 h5 42. Nf2 Qe3 43. Qc2 Ng3 44. Kh2 Ne2 45. Nh3 Nxc3 46. Qf5
Qxd4 47. Qd7+ Kg6 48. Qe8+ Kf5 49. Qd7+ 1/2-1/2

[Event "DEM U12/U12w 2014"]
[Site "Magdeburg GER"]
[Date "2014.06.11"]
[Round "7"]
[White "Wastian, Mareike"]
[Black "Lieberwirth, Kasimir"]
[Result "0-1"]
[Termination "normal"]
[Board "31"]
[WhiteElo "1571"]
[BlackElo "1628"]
[PlyCount "56"]
[WhiteFideId "12947423"]
[BlackFideId "12988146"]
[EventCountry "GER"]
[EventRounds "11"]
[EventType "swiss"]
[EventDate "2014.06.07"]

1. e4 c5 2. d4 cxd4 3. c3 Nf6 4. e5 Nd5 5. Nf3 d6 6. cxd4 Nc6 7. Bc4 Nb6 8. Bb5
Bd7 9. O-O e6 10. Nc3 a6 11. Bd3 h6 12. a3 dxe5 13. dxe5 Be7 14. Qe2 Na5 15.
Bf4 Rc8 16. Bc2 Nac4 17. Rab1 Nxa3 18. bxa3 Rxc3 19. Rfd1 Qc7 20. Bd3 Bxa3 21.
Bd2 Rc6 22. Nd4 Rc5 23. f4 Rd5 24. Nb3 Ba4 25. Be4 Rd7 26. Re1 Be7 27. Ba5 Bxb3
28. Rxb3 Qc5+ 0-1

[Event "DEM U12/U12w 2014"]
[Site "Magdeburg GER"]
[Date "2014.06.11"]
[Round "7"]
[White "Ziegenfuß, Larissa"]
[Black "Jahn, Felix"]
[Result "0-1"]
[Termination "normal"]
[Board "32"]
[WhiteElo "1587"]
[BlackElo "1517"]
[PlyCount "102"]
[WhiteFideId "12974722"]
[BlackFideId "12983632"]
[EventCountry "GER"]
[EventRounds "11"]
[EventType "swiss"]
[EventDate "2014.06.07"]

1. e4 e6 2. d3 d5 3. Nd2 dxe4 4. dxe4 Nf6 5. Ngf3 Nc6 6. g3 e5 7. Bg2 Be6 8.
O-O Bc5 9. h3 O-O 10. Re1 Qd7 11. Ng5 Rad8 12. Nxe6 Qxe6 13. c3 Rd7 14. Qe2
Rfd8 15. Nb3 Bb6 16. Bg5 h6 17. Be3 Na5 18. Nxa5 Bxa5 19. f4 exf4 20. Bxf4 Bb6+
21. Kh2 g5 22. Bc1 Qe5 23. Qf3 Rd3 24. Be3 Nxe4 25. Qxe4 Qxe4 26. Bxe4 Rxe3 27.
Bxb7 Rd2+ 28. Bg2 Rxe1 29. Rxe1 Rxb2 30. a4 Rc2 31. Re8+ Kg7 32. Re7 Rxc3 33.
Bd5 Rc2+ 34. Kh1 Rf2 35. Bc4 Kf8 36. Rd7 Ke8 37. Bb5 Kf8 38. Rd8+ Kg7 39. Rd7
a5 40. Bc6 Rf6 41. Bg2 Rd6 42. Re7 Bc5 43. Kh2 Rd1 44. Re4 Bb4 45. Rc4 c5 46.
Bc6 Rd4 47. Rc1 c4 48. Bb5 c3 49. Kg1 Rd2 50. Kf1 c2 51. Be2 Ba3 0-1

[Event "DEM U12/U12w 2014"]
[Site "Magdeburg GER"]
[Date "2014.06.11"]
[Round "7"]
[White "Reuker, Ronja"]
[Black "Könze, Heike"]
[Result "0-1"]
[Termination "normal"]
[Board "33"]
[WhiteElo "945"]
[BlackElo "1503"]
[PlyCount "84"]
[WhiteFideId "12947172"]
[BlackFideId "12964476"]
[EventCountry "GER"]
[EventRounds "11"]
[EventType "swiss"]
[EventDate "2014.06.07"]

1. e4 e6 2. Nf3 d5 3. Nc3 Nf6 4. e5 Nfd7 5. d4 c5 6. dxc5 Bxc5 7. Bd3 Nc6 8.
Bf4 a6 9. O-O O-O 10. Re1 b5 11. a3 Bb7 12. Qd2 Ne7 13. Rad1 Bb6 14. b4 Qc7 15.
Be3 Bxe3 16. Rxe3 Nc6 17. Rde1 Rac8 18. Nd1 Ne7 19. R3e2 Ng6 20. Qg5 h6 21.
Bxg6 hxg5 22. Bh5 g6 23. Bg4 Qc4 24. h3 Nb6 25. Ne3 Qc7 26. Nf1 Qd8 27. Ng3 d4
28. Rd2 Bxf3 29. Bxf3 Nc4 30. Rd3 Qd7 31. Ne4 Qa7 32. Nxg5 Rfd8 33. Re4 Qc7 34.
Rdxd4 Rxd4 35. Rxd4 Qxe5 36. Rg4 Nd2 37. Be4 Nxe4 38. Nxe4 Rxc2 39. f3 Kg7 40.
Rg5 f5 41. Nc5 Rxc5 42. bxc5 Qe3+ 0-1

[Event "DEM U12/U12w 2014"]
[Site "Magdeburg GER"]
[Date "2014.06.11"]
[Round "7"]
[White "Weimert, Miriam"]
[Black "Arnold, Leander"]
[Result "1/2-1/2"]
[Termination "normal"]
[Board "34"]
[WhiteElo "1562"]
[BlackElo "1402"]
[PlyCount "48"]
[WhiteFideId "12966703"]
[BlackFideId "12990230"]
[EventCountry "GER"]
[EventRounds "11"]
[EventType "swiss"]
[EventDate "2014.06.07"]

1. e4 e6 2. d4 d5 3. exd5 exd5 4. Bd3 Bd6 5. Ne2 Ne7 6. Bf4 Nbc6 7. c3 Bf5 8.
Bxd6 Qxd6 9. Ng3 Qe6+ 10. Ne2 O-O 11. O-O Qg6 12. Bxf5 Nxf5 13. Nf4 Qd6 14. Qf3
Nce7 15. Nd2 Rfe8 16. Rfe1 c6 17. Re5 Nh4 18. Qg4 Nhg6 19. Nh5 Kh8 20. Nf3 h6
21. Rae1 Rg8 22. R5e3 Rad8 23. Qh3 Qd7 24. g4 Rgf8 1/2-1/2

[Event "DEM U12/U12w 2014"]
[Site "Magdeburg GER"]
[Date "2014.06.11"]
[Round "7"]
[White "Leimbach, Tim Vincent"]
[Black "Reitz, Theresa"]
[Result "1/2-1/2"]
[Termination "normal"]
[Board "35"]
[WhiteElo "1284"]
[BlackElo "1484"]
[PlyCount "73"]
[WhiteFideId "12988600"]
[BlackFideId "12971901"]
[EventCountry "GER"]
[EventRounds "11"]
[EventType "swiss"]
[EventDate "2014.06.07"]

1. e4 c5 2. f4 e6 3. Nf3 Qc7 4. d3 d6 5. Nc3 a6 6. Be2 Nc6 7. O-O Nf6 8. a3 Be7
9. Bd2 O-O 10. Qe1 Nd4 11. Rc1 Bd7 12. Qf2 Nxe2+ 13. Nxe2 Rac8 14. Kh1 b5 15.
Rg1 e5 16. f5 d5 17. Ng3 dxe4 18. dxe4 c4 19. Rgd1 Bc5 20. Qe2 Ng4 21. Rf1 Qa7
22. h3 Nf6 23. Nxe5 Bd6 24. Nxd7 Qxd7 25. Bc3 Bxg3 26. Bxf6 Qc6 27. Bc3 Rfe8
28. Qg4 Be5 29. Bxe5 Rxe5 30. Rfe1 Rce8 31. Rcd1 f6 32. Rd4 Qc5 33. c3 Qe7 34.
Kh2 Qc7 35. Kh1 Rd8 36. Rxd8+ Qxd8 37. Qe2 1/2-1/2

[Event "DEM U12/U12w 2014"]
[Site "Magdeburg GER"]
[Date "2014.06.11"]
[Round "7"]
[White "Gauchel, Verena"]
[Black "Hoffmann, Lennard"]
[Result "0-1"]
[Termination "normal"]
[Board "36"]
[WhiteElo "1273"]
[BlackElo "1801"]
[PlyCount "162"]
[WhiteFideId "12988537"]
[BlackFideId "12943495"]
[EventCountry "GER"]
[EventRounds "11"]
[EventType "swiss"]
[EventDate "2014.06.07"]

1. d4 d5 2. Nf3 Nf6 3. Bf4 e6 4. e3 c5 5. c3 Nc6 6. Nbd2 Bd6 7. Ne5 Bxe5 8.
dxe5 Nd7 9. Nf3 O-O 10. Bd3 h6 11. Bb1 Re8 12. Qd3 Nf8 13. O-O b6 14. Bc2 Bb7
15. Rad1 a5 16. Rfe1 Ba6 17. Qd2 Qc7 18. Bb1 b5 19. Qc2 Rac8 20. Rc1 Qb6 21.
Red1 c4 22. Nd4 b4 23. Bg3 Rb8 24. Nxc6 Qxc6 25. e4 a4 26. exd5 exd5 27. Qd2
bxc3 28. Rxc3 Bb7 29. Rf3 Bc8 30. h3 Be6 31. Bf5 Rb5 32. Qd4 Reb8 33. Rd2 Qb7
34. Bc2 Rxb2 35. Bxa4 Rxa2 36. Rxa2 Qb1+ 37. Kh2 Qxa2 38. Bd1 Rb1 39. Re3 Qa1
40. Qxa1 Rxa1 41. Bf3 d4 42. Re4 d3 43. Rd4 Nd7 44. h4 Nc5 45. Bf4 c3 46. Rd6
c2 47. Be3 c1=Q 48. Bxc1 Rxc1 49. Rc6 d2 50. Rd6 Nb3 51. Rd8+ Kh7 52. Kg3 Bf5
53. Kf4 Bc2 54. Ke3 d1=Q 55. Bxd1 Rxd1 56. Rxd1 Bxd1 57. f3 Bc2 58. Kf2 Kg6 59.
g4 h5 60. Kg3 Nd4 61. Kf2 Bd1 62. gxh5+ Kxh5 63. f4 Kxh4 64. Ke3 Nf5+ 65. Ke4
Be2 66. Kd5 Bf3+ 67. Kc4 Kg4 68. Kc5 Kxf4 69. Kc4 g5 70. Kd3 g4 71. Kd2 g3 72.
Ke1 Ne3 73. e6 fxe6 74. Kd2 g2 75. Kd3 g1=Q 76. Kc3 Qc1+ 77. Kb3 Bd5+ 78. Kb4
Qc4+ 79. Ka5 Qb3 80. Ka6 Qb4 81. Ka7 Qb7# 0-1

[Event "DEM U12/U12w 2014"]
[Site "Magdeburg GER"]
[Date "2014.06.11"]
[Round "7"]
[White "Rapp, Lukas"]
[Black "Bosselmann, Tom Linus"]
[Result "0-1"]
[Termination "normal"]
[Board "37"]
[WhiteElo "1216"]
[BlackElo "1430"]
[PlyCount "96"]
[WhiteFideId "12989320"]
[BlackFideId "12983845"]
[EventCountry "GER"]
[EventRounds "11"]
[EventType "swiss"]
[EventDate "2014.06.07"]

1. d4 d5 2. g3 c6 3. Bg2 Nf6 4. e3 e6 5. Ne2 Nbd7 6. O-O b6 7. b3 Bb7 8. Ba3
Bxa3 9. Nxa3 Qe7 10. Qc1 O-O 11. c4 Rac8 12. Nf4 Rfd8 13. Rd1 h6 14. Nd3 e5 15.
Qb2 e4 16. Nf4 Ne8 17. Rac1 f5 18. Nb1 g5 19. Ne2 Nf8 20. h3 Ng6 21. Rc2 Ng7
22. Rdc1 Ne6 23. cxd5 cxd5 24. Rxc8 Rxc8 25. Rxc8+ Bxc8 26. Nd2 f4 27. Qc1 Bb7
28. Bh1 f3 29. Nc3 Qc7 30. Qb2 a6 31. Nf1 Ng7 32. Nh2 Nh5 33. Ng4 Kg7 34. Nh2
Qd6 35. g4 Nf6 36. Nf1 h5 37. Nh2 hxg4 38. Nxg4 Nxg4 39. hxg4 Qd7 40. Na4 Qxg4+
41. Kf1 Qh4 42. Kg1 b5 43. Nc5 Bc8 44. Qa3 Bh3 45. Qxa6 Qg4+ 46. Kh2 Bg2 47.
Ne6+ Kh6 48. Nf4 Qh4+ 0-1

[Event "DEM U12/U12w 2014"]
[Site "Magdeburg GER"]
[Date "2014.06.11"]
[Round "7"]
[White "Garbuz, Nicole"]
[Black "Bierfreund, Trine Maja"]
[Result "0-1"]
[Termination "normal"]
[Board "38"]
[WhiteElo "1389"]
[BlackElo "1288"]
[PlyCount "109"]
[WhiteFideId "12990701"]
[BlackFideId "12957372"]
[EventCountry "GER"]
[EventRounds "11"]
[EventType "swiss"]
[EventDate "2014.06.07"]

1. e4 e5 2. Nf3 Nc6 3. Bc4 Bc5 4. b4 Bxb4 5. c3 Bd6 6. d4 exd4 7. cxd4 Bb4+ 8.
Bd2 Bxd2+ 9. Nbxd2 d6 10. Qb3 Qe7 11. O-O Nh6 12. e5 O-O 13. Rfe1 Na5 14. Qb5
Nxc4 15. Nxc4 a6 16. Qb2 d5 17. Ne3 c6 18. Rac1 Nf5 19. Qb1 Nxe3 20. Rxe3 Be6
21. Nd2 Rab8 22. Rg3 f6 23. f4 fxe5 24. fxe5 Bf5 25. Qb2 Qf7 26. Rf1 Qh5 27.
Nb3 Qf7 28. Rg5 Qd7 29. Nc5 Qc8 30. Qb3 Bg6 31. Rxf8+ Kxf8 32. Qa3 Kg8 33. e6
Be8 34. Qg3 g6 35. Nd7 Bxd7 36. exd7 Qd8 37. Qd6 Qf8 38. Qe6+ Qf7 39. Re5 Qxe6
40. Rxe6 Kf7 41. Re8 Rxe8 42. dxe8=Q+ Kxe8 43. Kf2 Ke7 44. Ke3 Ke6 45. Kf4 Kf6
46. g3 g5+ 47. Kf3 h5 48. h3 Kf5 49. g4+ hxg4+ 50. hxg4+ Ke6 51. Ke3 Kd6 52.
Kd3 b6 53. Kc3 c5 54. a3 cxd4+ 55. Kxd4 0-1

[Event "DEM U12/U12w 2014"]
[Site "Magdeburg GER"]
[Date "2014.06.11"]
[Round "7"]
[White "Paulweber, Lara Maria"]
[Black "Kurzweil, Naemi"]
[Result "1-0"]
[Termination "normal"]
[Board "39"]
[WhiteElo "1386"]
[BlackElo "1231"]
[PlyCount "135"]
[WhiteFideId "12954411"]
[BlackFideId "12985708"]
[EventCountry "GER"]
[EventRounds "11"]
[EventType "swiss"]
[EventDate "2014.06.07"]

1. d4 d5 2. Bf4 Bf5 3. e3 Nc6 4. Bd3 Bg6 5. Nf3 e6 6. Bb5 Bh5 7. Nbd2 a6 8. Be2
Nf6 9. Ne5 Bg6 10. Ndf3 Bb4+ 11. c3 Bd6 12. Nxc6 bxc6 13. Qa4 Bxf4 14. Qxc6+
Nd7 15. exf4 O-O 16. Ne5 Nxe5 17. fxe5 Qg5 18. Bf3 Rab8 19. b4 Ra8 20. O-O h5
21. Qa4 h4 22. h3 Bf5 23. Kh1 Qe7 24. Rfc1 g5 25. Qd1 f6 26. Bg4 Bh7 27. exf6
Rxf6 28. Qe2 Be4 29. Re1 Re8 30. f3 Bf5 31. Bxf5 Rxf5 32. Qxa6 Rf6 33. Qe2 Qd7
34. Qe5 Rg6 35. a4 Ra8 36. a5 Qc6 37. Qe3 Qc4 38. Red1 Qc6 39. Qd3 Kh7 40. b5
Qd6 41. c4 Qg3 42. cxd5 exd5 43. Qf5 Kh6 44. Qxd5 Re8 45. Qc4 Rge6 46. Rg1 g4
47. fxg4 Re2 48. Qc6+ R8e6 49. Qd5 R6e3 50. g5+ Kh5 51. Qf7+ Kxg5 52. Qg7+ Kf5
53. Qxg3 hxg3 54. a6 Re8 55. a7 Ra8 56. Rgb1 Rd2 57. b6 cxb6 58. Rxb6 Rxa7 59.
Rbb1 Rxa1 60. Rxa1 Ke4 61. Kg1 Kxd4 62. Rf1 Ke4 63. h4 Ke5 64. h5 Ke6 65. h6
Rf2 66. h7 Rxf1+ 67. Kxf1 Kf7 68. h8=Q 1-0

[Event "DEM U12/U12w 2014"]
[Site "Magdeburg GER"]
[Date "2014.06.11"]
[Round "7"]
[White "Wienhold, Nadine"]
[Black "Ruppert, Paula"]
[Result "1/2-1/2"]
[Termination "normal"]
[Board "40"]
[WhiteElo "1342"]
[BlackElo "1202"]
[PlyCount "42"]
[WhiteFideId "12964514"]
[BlackFideId "12979996"]
[EventCountry "GER"]
[EventRounds "11"]
[EventType "swiss"]
[EventDate "2014.06.07"]

1. c4 e5 2. Nc3 f5 3. g3 Nf6 4. Bg2 Nc6 5. e3 Bc5 6. Nge2 O-O 7. O-O d6 8. d4
Bb4 9. dxe5 dxe5 10. b3 Ne7 11. Bb2 c6 12. Qc2 Qc7 13. Rfd1 b6 14. a3 Bxc3 15.
Bxc3 Bb7 16. Ra2 Rad8 17. a4 a5 18. Qb1 Rxd1+ 19. Qxd1 Rd8 20. Rd2 Rxd2 21.
Qxd2 Ng6 1/2-1/2

[Event "DEM U12/U12w 2014"]
[Site "Magdeburg GER"]
[Date "2014.06.11"]
[Round "7"]
[White "Kose, Robert Paul"]
[Black "Schäfer, Nicolas"]
[Result "0-1"]
[Termination "normal"]
[Board "41"]
[WhiteElo "1267"]
[BlackElo "1337"]
[PlyCount "78"]
[WhiteFideId "12982067"]
[BlackFideId "12988901"]
[EventCountry "GER"]
[EventRounds "11"]
[EventType "swiss"]
[EventDate "2014.06.07"]

1. e4 c5 2. Nf3 Nc6 3. d4 cxd4 4. Nxd4 Nf6 5. Nc3 d6 6. Bg5 g6 7. Bxf6 exf6 8.
Bb5 Bd7 9. Qd2 a6 10. Bc4 Rc8 11. Bb3 Qc7 12. O-O-O Ne5 13. f4 Nc4 14. Qd3 b5
15. Nf3 Be7 16. Nd5 Qd8 17. Nxe7 Qxe7 18. Bxc4 Rxc4 19. Qxd6 Rc6 20. Qxe7+ Kxe7
21. Rhe1 Rhc8 22. Rd2 R6c7 23. h3 Be6 24. a3 a5 25. Nd4 Bd7 26. Red1 b4 27.
axb4 axb4 28. Re2 Kf8 29. g4 h5 30. gxh5 Bxh3 31. Rh2 Bg4 32. Rdh1 Bxh5 33. f5
Rc4 34. Nb5 Ra8 35. fxg6 fxg6 36. Kd2 Rxe4 37. Rf2 Kg7 38. Kd3 f5 39. Rg1 Rd8+
0-1

[Event "DEM U12/U12w 2014"]
[Site "Magdeburg GER"]
[Date "2014.06.11"]
[Round "7"]
[White "Kukulina, Sonja"]
[Black "Petrow, Jonas"]
[Result "1-0"]
[Termination "time forfeit"]
[Board "42"]
[WhiteElo "1162"]
[BlackElo "1220"]
[PlyCount "71"]
[WhiteFideId "12977047"]
[BlackFideId "12991805"]
[EventCountry "GER"]
[EventRounds "11"]
[EventType "swiss"]
[EventDate "2014.06.07"]

1. e4 c5 2. Nf3 e6 3. d4 cxd4 4. Nxd4 a6 5. Nc3 Qc7 6. Be3 Nf6 7. f3 Be7 8. Be2
b5 9. a3 Bb7 10. Qd2 O-O 11. O-O-O d5 12. Bd3 Nbd7 13. h4 Nb6 14. h5 Nc4 15.
Bxc4 bxc4 16. h6 g6 17. g4 Rab8 18. e5 Nd7 19. f4 Ba8 20. f5 Qc5 21. Nb1 Qb6
22. Qc3 Qb7 23. fxg6 fxg6 24. Nxe6 Rf3 25. Rdf1 Rg3 26. Rhg1 Rxg1 27. Rxg1 Qc6
28. Nf4 Rf8 29. g5 Rf5 30. e6 Ne5 31. Bd4 Rxf4 32. Bxe5 d4 33. Bxd4 Bf8 34. Bg7
Be7 35. Qe5 Bd6 36. Rd1 1-0

[Event "DEM U12/U12w 2014"]
[Site "Magdeburg GER"]
[Date "2014.06.11"]
[Round "7"]
[White "Albert, Eske"]
[Black "Wanschura, David"]
[Result "0-1"]
[Termination "normal"]
[Board "43"]
[WhiteElo "893"]
[BlackElo "1220"]
[PlyCount "82"]
[WhiteFideId "12991813"]
[BlackFideId "12982946"]
[EventCountry "GER"]
[EventRounds "11"]
[EventType "swiss"]
[EventDate "2014.06.07"]

1. e4 e6 2. d4 d5 3. Nc3 Nf6 4. e5 Nfd7 5. Nf3 c5 6. Be3 Qb6 7. Bb5 Nc6 8. O-O
Be7 9. Qe2 Nxd4 10. Bxd7+ Bxd7 11. Qd1 Nxf3+ 12. Qxf3 d4 13. Nd5 exd5 14. Bf4
Be6 15. Rab1 O-O 16. Qg3 Bf5 17. Bh6 Qxh6 18. Rbc1 Qg5 19. Qxg5 Bxg5 20. f4 Be7
21. c3 d3 22. h3 c4 23. b3 h6 24. bxc4 dxc4 25. Rfd1 Rad8 26. Rb1 b6 27. Rb2 f6
28. g4 Bd7 29. Rbd2 Ba4 30. Rf1 fxe5 31. fxe5 Bg5 32. Rxf8+ Rxf8 33. Rf2 Rxf2
34. Kxf2 d2 35. Ke2 d1=Q+ 36. Kf2 Qd3 37. Kg2 Qxc3 38. Kf1 Qd2 39. Kg1 Qe2 40.
a3 Be3+ 41. Kh1 Bc6# 0-1

[Event "DEM U12/U12w 2014"]
[Site "Magdeburg GER"]
[Date "2014.06.11"]
[Round "7"]
[White "Berelowitsch, Dana"]
[Black "Eulitz, Charlotte"]
[Result "0-1"]
[Termination "normal"]
[Board "44"]
[WhiteElo "1102"]
[BlackElo "1191"]
[PlyCount "130"]
[WhiteFideId "12977144"]
[BlackFideId "12964654"]
[EventCountry "GER"]
[EventRounds "11"]
[EventType "swiss"]
[EventDate "2014.06.07"]

1. e4 e5 2. Nf3 Nc6 3. Bb5 a6 4. Bxc6 dxc6 5. d4 exd4 6. Qxd4 Qxd4 7. Nxd4 Bd7
8. O-O O-O-O 9. Nc3 Bd6 10. Bd2 f6 11. Rfe1 Ne7 12. Rad1 Ng6 13. Nce2 Rhe8 14.
f3 Ne5 15. Bf4 g5 16. Bg3 h5 17. Bf2 Rg8 18. Ng3 g4 19. f4 Ng6 20. Nxh5 Rdf8
21. f5 Ne5 22. Ng3 Rh8 23. b3 Rh7 24. Kf1 Rxh2 25. Bg1 Rhh8 26. Ke2 Re8 27. c3
Nf7 28. Kf2 Ng5 29. Nde2 Nxe4+ 30. Nxe4 Rxe4 31. Rd2 Bxf5 32. Red1 Bc5+ 33. Kf1
Bxg1 34. Nxg1 Rf4+ 35. Ke1 Re4+ 36. Kf1 Re3 37. c4 Ree8 38. Kf2 Rhg8 39. g3 Kb8
40. Ne2 Ka7 41. Nd4 Re5 42. Kg1 Rge8 43. Kg2 c5 44. Nxf5 Rxf5 45. Rh1 Rfe5 46.
Kf2 Rf5+ 47. Kg2 Rf3 48. Rh7 Kb6 49. Rg7 f5 50. Rdd7 Re2+ 51. Kg1 Rc3 52. Kf1
Rxa2 53. Rd1 Rxb3 54. Rf7 Rxg3 55. Rxf5 Rf3+ 56. Rxf3 gxf3 57. Re1 a5 58. Re6+
c6 59. Rf6 a4 60. Rxf3 a3 61. Rb3+ Ka5 62. Rxb7 Ka4 63. Rb1 Rc2 64. Ke1 a2 65.
Rb7 a1=Q+ 0-1

[Event "DEM U12/U12w 2014"]
[Site "Magdeburg GER"]
[Date "2014.06.11"]
[Round "7"]
[White "Kemke, Annabelle"]
[Black "Wolterink, Jule"]
[Result "0-1"]
[Termination "normal"]
[Board "45"]
[WhiteElo "855"]
[BlackElo "943"]
[PlyCount "40"]
[WhiteFideId "12991821"]
[BlackFideId "12981206"]
[EventCountry "GER"]
[EventRounds "11"]
[EventType "swiss"]
[EventDate "2014.06.07"]

1. e4 e6 2. d4 d5 3. exd5 exd5 4. Nf3 Bd6 5. Bd3 Bg4 6. Be3 Ne7 7. Nbd2 c6 8.
c3 Nd7 9. Qc2 Qc7 10. O-O O-O-O 11. g3 g6 12. Bg5 Rde8 13. b3 Bf5 14. Bxf5 Nxf5
15. c4 dxc4 16. bxc4 Kb8 17. c5 Bxg3 18. fxg3 Nxg3 19. hxg3 Qxg3+ 20. Kh1 Re2
0-1

[Event "DEM U12/U12w 2014"]
[Site "Magdeburg GER"]
[Date "2014.06.11"]
[Round "7"]
[White "Weiten, Teresa"]
[Black "Fricke, Edna Marlene"]
[Result "1-0"]
[Termination "normal"]
[Board "46"]
[WhiteElo "1137"]
[BlackElo "1081"]
[PlyCount "63"]
[WhiteFideId "12971944"]
[BlackFideId "12988839"]
[EventCountry "GER"]
[EventRounds "11"]
[EventType "swiss"]
[EventDate "2014.06.07"]

1. e4 c5 2. d4 cxd4 3. c3 d3 4. Bxd3 Nc6 5. c4 g6 6. Nf3 Bg7 7. Nc3 d6 8. h3
Nf6 9. Be3 O-O 10. O-O Bd7 11. Qe2 Re8 12. Rac1 a6 13. Bb1 Qc7 14. Rfd1 Red8
15. Na4 Qb8 16. Nb6 Ra7 17. Nxd7 Rxd7 18. Bxa7 Qxa7 19. e5 dxe5 20. Nxe5 Rxd1+
21. Rxd1 Nxe5 22. Qxe5 e6 23. Rd8+ Bf8 24. Qd6 Ne8 25. Rxe8 Kg7 26. Qxf8+ Kf6
27. Qh8+ Kg5 28. Qe5+ Kh6 29. Rg8 f6 30. Qf4+ g5 31. Qxf6+ Kh5 32. Qxg5# 1-0

[Event "DEM U12/U12w 2014"]
[Site "Magdeburg GER"]
[Date "2014.06.11"]
[Round "7"]
[White "Svane, Freja"]
[Black "Leib, Amina"]
[Result "0-1"]
[Termination "normal"]
[Board "47"]
[WhiteElo "1031"]
[BlackElo "1076"]
[PlyCount "120"]
[WhiteFideId "12940100"]
[BlackFideId "12982970"]
[EventCountry "GER"]
[EventRounds "11"]
[EventType "swiss"]
[EventDate "2014.06.07"]

1. d4 d5 2. c4 c6 3. Nc3 Nf6 4. Bg5 Nbd7 5. e3 g6 6. Nf3 Bg7 7. Bd3 dxc4 8.
Bxc4 O-O 9. O-O Qb6 10. Qd2 c5 11. e4 cxd4 12. Nxd4 e5 13. Ndb5 Nc5 14. Nd5
Nxd5 15. Qxd5 a6 16. Be7 Be6 17. Bxc5 Bxd5 18. Bxb6 Bxc4 19. Nc7 Bxf1 20. Nxa8
Rxa8 21. Rxf1 Rc8 22. Rd1 Rc2 23. Rd8+ Bf8 24. f3 Kg7 25. Rd7 Rxb2 26. Rxb7
Bc5+ 27. Bxc5 Rxb7 28. Bd6 Kf6 29. a3 Ke6 30. Bb4 Kd7 31. Kf2 Kc6 32. Ke3 Kb5
33. Kd3 a5 34. Bd6 Ka4 35. Kc3 Rb3+ 36. Kc4 f5 37. Bc5 Rb1 38. Kd3 Kb3 39. Kd2
a4 40. Kd3 Ra1 41. Bb4 Ra2 42. Bd2 Rxa3 43. Bc3 Ka2 44. Kc2 fxe4 45. fxe4 Rb3
46. g3 a3 47. h3 Rxc3+ 48. Kxc3 Kb1 49. g4 a2 50. g5 a1=Q+ 51. Kb3 Qd4 52. h4
Kc1 53. h5 Kd2 54. h6 Qc3+ 55. Ka4 Qb2 56. Ka5 Kc3 57. Ka6 Kc4 58. Ka7 Kc5 59.
Ka8 Kc6 60. Ka7 Qb7# 0-1